000 03757cam a22008295i 4500
001 498
005 20231214103854.0
020 _a9780061962790
_q(paperback)
020 _a9780545447850
_q(paperback)
020 _a0061962791
_q(paperback)
020 _a9780545508971
020 _a9780606271264
020 _a0606271260
040 _aNYP
_beng
_cNYP
_erda
_dNYP
_dYDXCP
_dBDX
_dOCLCQ
_dT7A
_dOCLCA
_dYYK
_dCZL
_dWAU
_dFLWMD
_dOCLCA
_dDEBSZ
_dOCLCQ
_dOCLCO
_dCTB
_dMCR
_dP@N
_dCHILD
_dVBO
_dWLM
_dOCLCF
_dOCLCA
_dIGA
_dCNGUL
_dOCLCA
_dBDGCL
_dOCLCQ
_dOCLCO
_dCSE
_dOCLCO
_dFDU
_dOCLCO
_dI7Z
_dLD4
_dOCLCQ
_dOCLCO
_dUAH
_dOCLCO
_dGRACO
_dOCLCO
_dEBC
_dOCLCO
_dTNW
_dOCLCO
_dLAMIS
_dOCLCO
_dTTU
_dDLC
_dFISKH
050 _aPZ7.L35
082 0 4 _a811.6
_223
100 1 _aLai, Thanhha,
_eauthor.
245 1 0 _aInside out & back again /
_cThanhha Lai.
246 3 _aInside out and back again
250 _aFirst Scholasticedition.
260 _aNew York.
_bScholastic.
_c2012.
300 _a262 pages :
_c20 cm.
490 1 _aInstant book club
500 _aExtras inside (10 pages).
505 0 _aM
505 0 _aInside out & back again -- Back again : an interview with Thanhha Lai -- Telling your story : an activity for you and your family -- Writing poetry : tips from Thanhha Lai -- Discussion questions.
520 _aThrough a series of poems, a young girl chronicles the life-changing year of 1975, when she, her mother, and her brothers leave Vietnam and resettle in Alabama.
521 8 _a800
_bLexile.
521 1 _aM
_bRaz-Plus
650 0 _aVietnamese Americans
_vJuvenile fiction.
650 0 _aEmigration and immigration
_vJuvenile fiction.
650 0 _aImmigrants
_vJuvenile fiction.
650 1 _aNovels in verse.
650 1 _aVietnamese Americans
_vFiction.
650 1 _aEmigration and immigration
_vFiction.
650 1 _aImmigrants
_vFiction.
650 6 _aAméricains d'origine vietnamienne
_vRomans, nouvelles, etc. pour la jeunesse.
650 6 _aÉmigration et immigration
_vRomans, nouvelles, etc. pour la jeunesse.
650 7 _aJUVENILE FICTION
_xPeople & Places
_zUnited States
_xAsian American.
_2bisacsh
650 7 _aJUVENILE FICTION
_xSocial Themes
_xEmigration & Immigration.
_2bisacsh
650 7 _aJUVENILE FICTION
_xStories in Verse.
_2bisacsh
650 7 _aVietnamese Americans
_vJuvenile fiction.
_2cct
650 7 _aEmigration and immigration
_vJuvenile fiction.
_2cct
650 7 _aImmigrants
_vJuvenile fiction.
_2cct
650 7 _aEmigration and immigration.
_2fast
_0(OCoLC)fst00908690
650 7 _aImmigrants.
_2fast
_0(OCoLC)fst00967712
650 7 _aVietnamese Americans.
_2fast
_0(OCoLC)fst01166663
650 7 _aImmigration and emigration
_vFiction.
_2sears
650 7 _aImmigrants
_vFiction.
_2sears
650 7 _aVietnamese Americans
_vFiction.
_2sears
655 0 _aHistorical fiction.
655 4 _aNovels in verse
_vJuvenile.
655 4 _aBiographical fiction
_vJuvenile.
655 4 _aHistorical fiction
_vJuvenile.
655 4 _aHistorical fiction.
655 4 _aBiographical fiction.
655 7 _aBiographical fiction.
_2fast
_0(OCoLC)fst01726537
655 7 _aFiction.
_2fast
_0(OCoLC)fst01423787
655 7 _aHistorical fiction.
_2fast
_0(OCoLC)fst01726640
655 7 _aHistory.
_2fast
_0(OCoLC)fst01411628
655 7 _aInterviews.
_2fast
_0(OCoLC)fst01423832
655 7 _aJuvenile works.
_2fast
_0(OCoLC)fst01411637
655 7 _aNovels in verse.
_2fast
_0(OCoLC)fst01921724
655 7 _aBiographical fiction.
_2gsafd
655 7 _aHistorical fiction.
_2gsafd
655 7 _aHistorical fiction.
_2lcgft
655 7 _aNovels in verse.
_2lcgft
655 7 _aRomans en vers.
_2rvmgf
655 7 _aNovels in verse.
_2sears
906 _a0
_bibc
_ccopycat
_d2
_encip
_f20
_gy-gencatlg
942 _2ddc
_cBK
_n0
999 _c498
_d498